Länder Europas mit der höchsten Geschwindigkeitsbegrenzung - Statistiken

Allgemein
  • Dieses Quiz wurde 198 mal gespielt
    120 seit der letzten Aktualisierung
  • Das Durchschnittsergebnis liegt bei 18 aus 22
Antwortstatistiken
Platz Land Höchstgeschwindigkeit auf der Autobahn % Korrekt
1. Deutschland Unbegrenzt
100%
4. Frankreich 130 km/h
95%
2. Polen 140 km/h
92%
4. Italien 130 km/h
89%
4. Österreich 130 km/h
89%
4. Tschechien 130 km/h
85%
4. Slowakei 130 km/h
84%
4. Slowenien 130 km/h
84%
4. Kroatien 130 km/h
83%
4. Griechenland 130 km/h
81%
4. Ukraine 130 km/h
81%
2. Bulgarien 140 km/h
80%
4. Niederlande 130 km/h
80%
4. Rumänien 130 km/h
80%
4. Ungarn 130 km/h
80%
4. Serbien 130 km/h
79%
4. Dänemark 130 km/h
78%
4. Bosnien und Herzegowina 130 km/h
77%
4. Litauen 130 km/h
74%
4. Luxemburg 130 km/h
73%
4. Nordmazedonien 130 km/h
66%
4. San Marino 130 km/h
50%
Keine übereinstimmenden Quizze gefunden
Verteilung der Resultate
Anzahl Personen mit jedem Resultat
Perzentil nach korrekt beantworteten Fragen
Ihre Resultats-Entwicklung
Sie haben dieses Quiz seit der letzten Aktualisierung nicht gespielt